<?xml version="1.0" encoding="UTF-8"?><?xml-stylesheet type="text/xsl" href="static/style.xsl"?><OAI-PMH xmlns="http://www.openarchives.org/OAI/2.0/" xmlns:xsi="http://www.w3.org/2001/XMLSchema-instance" xsi:schemaLocation="http://www.openarchives.org/OAI/2.0/ http://www.openarchives.org/OAI/2.0/OAI-PMH.xsd"><responseDate>2026-04-17T13:56:30Z</responseDate><request verb="GetRecord" identifier="oai:www.recercat.cat:10230/35936" metadataPrefix="marc">https://recercat.cat/oai/request</request><GetRecord><record><header><identifier>oai:recercat.cat:10230/35936</identifier><datestamp>2025-12-26T11:27:02Z</datestamp><setSpec>com_2072_6</setSpec><setSpec>col_2072_452952</setSpec></header><metadata><record xmlns="http://www.loc.gov/MARC21/slim" xmlns:dcterms="http://purl.org/dc/terms/" xmlns:xsi="http://www.w3.org/2001/XMLSchema-instance" xmlns:doc="http://www.lyncode.com/xoai" xsi:schemaLocation="http://www.loc.gov/MARC21/slim http://www.loc.gov/standards/marcxml/schema/MARC21slim.xsd">
   <leader>00925njm 22002777a 4500</leader>
   <datafield ind2=" " ind1=" " tag="042">
      <subfield code="a">dc</subfield>
   </datafield>
   <datafield ind2=" " ind1=" " tag="720">
      <subfield code="a">Rodríguez García, Eva</subfield>
      <subfield code="e">author</subfield>
   </datafield>
   <datafield ind2=" " ind1=" " tag="720">
      <subfield code="a">Arias Cabrales, Carlos Enrique</subfield>
      <subfield code="e">author</subfield>
   </datafield>
   <datafield ind2=" " ind1=" " tag="720">
      <subfield code="a">Bermejo García, Sheila</subfield>
      <subfield code="e">author</subfield>
   </datafield>
   <datafield ind2=" " ind1=" " tag="720">
      <subfield code="a">Sierra Ochoa, Adriana</subfield>
      <subfield code="e">author</subfield>
   </datafield>
   <datafield ind2=" " ind1=" " tag="720">
      <subfield code="a">Burballa Tàrrega, Carla, 1988-</subfield>
      <subfield code="e">author</subfield>
   </datafield>
   <datafield ind2=" " ind1=" " tag="720">
      <subfield code="a">Soler, María José</subfield>
      <subfield code="e">author</subfield>
   </datafield>
   <datafield ind2=" " ind1=" " tag="720">
      <subfield code="a">Barrios Barrera, Clara</subfield>
      <subfield code="e">author</subfield>
   </datafield>
   <datafield ind2=" " ind1=" " tag="260">
      <subfield code="c">2018-12-03T09:15:08Z</subfield>
   </datafield>
   <datafield ind2=" " ind1=" " tag="260">
      <subfield code="c">2018-12-03T09:15:08Z</subfield>
   </datafield>
   <datafield ind2=" " ind1=" " tag="260">
      <subfield code="c">2018</subfield>
   </datafield>
   <datafield ind2=" " ind1=" " tag="520">
      <subfield code="a">BACKGROUND/AIMS: Recurrent acute kidney injury (AKI) is common among patients after a first hospitalized AKI. However, little is known about the prognosis of recurrent AKI episodes in chronic kidney disease (CKD) development, cardiovascular events and mortality. METHODS: A retrospective study included patients admitted to our Hospital from 2000 to 2010. AKI was defined according to the Acute Dialysis Quality Initiative criteria. In the follow-up period after the first AKI episode, clinical, laboratory data and the number of repeated AKI episodes, etiology and severity were recorded. RESULTS: Among the 359 AKI survivor patients included, 250 new AKI episodes were observed in 122 patients (34%). Variables independently associated to new episodes were: type 2 DM [OR 1.2, 95%CI 1.2-3.8, p=0.001], ischemic heart disease [OR 1.9; 95%CI 1.1-3.6, p=0.012], and SCr at the first AKI event&amp;gt;2,6 mg/dl [OR 1.2; 95%CI 1.03-1.42, p=0.02]. Development of CKD during four years follow-up was more frequent in patients with recurrent AKI, HR [2.2 (95% CI: 1.09-4.3, p=0.003)] and 44% of recurrent AKI patients who developed CKD occurred during the first 6 months after the initial event. Cardiovascular events were more frequent among patients with recurrent AKI patients than in those with one AKI episode (47.2% vs 24%, p=0.001). Mortality at 4 years was higher in the patient subgroup with several episodes of AKI as compared with those with a single episode [HR: 4.5 (95% CI 2.7-7.5) p&amp;lt;0.001]. CONCLUSION: Episodes of recurrent AKI have a high potential to be associated with relevant complications such as cardiovascular events, mortality and CKD development.</subfield>
   </datafield>
   <datafield tag="653" ind2=" " ind1=" ">
      <subfield code="a">Ronyons -- Malalties</subfield>
   </datafield>
   <datafield tag="653" ind2=" " ind1=" ">
      <subfield code="a">Chronic kidney disease</subfield>
   </datafield>
   <datafield tag="653" ind2=" " ind1=" ">
      <subfield code="a">Mortality</subfield>
   </datafield>
   <datafield tag="653" ind2=" " ind1=" ">
      <subfield code="a">Outcomes;</subfield>
   </datafield>
   <datafield tag="653" ind2=" " ind1=" ">
      <subfield code="a">Recurrent AKI</subfield>
   </datafield>
   <datafield tag="653" ind2=" " ind1=" ">
      <subfield code="a">Renal prognosis</subfield>
   </datafield>
   <datafield ind2="0" ind1="0" tag="245">
      <subfield code="a">Impact of recurrent acute kidney injury on patient outcomes</subfield>
   </datafield>
</record></metadata></record></GetRecord></OAI-PMH>